000 00825nam a22002412 4500
001 0000019521
005 20151217152156.0
008 110105s xx 000 0 eng d
020 _a0393972003 :
040 _aKABU
_cKABU
100 1 _aLerner, Robert E.
_@0000179251
245 1 0 _aWestern civilizations :
_btheir history and their culture /
_cRobert E. Lerner, Standish Meacham, Edward McNall Burns.
250 _a13th ed.
260 _aNew York :
_bW. W. Norton,
_c1998.
300 _axv, 634, [34] p.
650 0 _aCivilization, Western
_xHistory.
_@0000152953
651 0 _aEurope
_xCivilization.
_@0000179252
700 1 _aMeacham, Standish.
_@0000179253
700 1 _aBurns, Edward McNall.
_@0000179254
852 1 _9p1990 KES
908 _a110105
950 _@1
999 _c8983
_d8983